| 000 | 00635nam a2200217Ii 4500 | ||
|---|---|---|---|
| 003 | JO-AjNU | ||
| 008 | 230606s9999||||xx |||||||||||||| ||und|| | ||
| 020 | _a0-273-01944-9 | ||
| 040 |
_aJO-AjNU _beng _erda _cJO-AjNU |
||
| 041 | _aeng | ||
| 050 | 1 | 4 | _aHF5686.C7 1983 |
| 100 | 3 |
_aBird,Peter, _eauthor _93171 |
|
| 245 | 0 | 0 | _aUnderstanding Company Accounts |
| 250 | _a2 ed | ||
| 264 | 3 | 1 | _aLondon: Pitman ,1983 |
| 300 |
_a130p _b Includes indexes(p127-130) |
||
| 336 |
_atext _btxt _2rdacontent |
||
| 337 |
_aunmediated _bn _2rdamedia |
||
| 338 |
_avolume _bnc _2rdacarrier |
||
| 650 | 4 |
_aCorporations-Great Britain-Accounting _93172 |
|
| 999 |
_aE1661 _c1661 _d1661 |
||